000
00314nam a22001337a 4500
008
170605b xxu||||| |||| 00| 0 eng d
020
_a
9780198721123
041
_a
eng
080
_a
94
100
_a
18
101
_a
SHH
245
_a
OXFORD HISTOY OF THE CLASICLA WORLD
_c
BOARDMAN,J
942
_2
udc
_c
BK
999
_c
15943
_d
15943